Statistics for WWE Champions by Year - 1996

Click here to take the quiz!

General Stats

  • This quiz has been taken 96 times
  • The average score is 11 of 15

Answer Stats

TitleDateEventWrestler% Correct
Tag TeamSeptember 22IYH: Mind GamesOwen Hart
96%
WWE ChampionshipMarch 31WrestleMania XIIShawn Michaels
96%
IntercontinentalOctober 21RawHunter Hearst Helmsley
84%
WWE ChampionshipNovember 17Survivor SeriesSycho Sid
82%
IntercontinentalJanuary 21Royal RumbleGoldust
78%
IntercontinentalApril 22RawGoldust
78%
Tag TeamSeptember 22IYH: Mind GamesThe British Bulldog
76%
Tag TeamMay 26IYH: Beware of DogBilly Gunn
73%
Tag TeamMay 26IYH: Beware of DogBart Gunn
71%
Tag TeamMay 19House showHenry O. Godwinn
67%
IntercontinentalJune 23King of the RingAhmed Johnson
58%
Tag TeamMay 19House showPhineas I. Godwinn
56%
IntercontinentalSeptember 23RawMarc Mero
49%
Tag TeamMarch 31WrestleMania XIISkip
49%
Tag TeamMarch 31WrestleMania XIIZip
49%

Score Distribution

Percentile by Number Answered

Percent of People with Each Score

Your Score History

You have not taken this quiz